| 000 | 011560000a22002770004500 | ||
|---|---|---|---|
| 001 | 20517 | ||
| 003 | CO-MdFUSB | ||
| 005 | 20180622074841.0 | ||
| 008 | 160831b xxu||||| |||| 00| 0 eng d | ||
| 020 | _a0-8006-1849-1 | ||
| 040 |
_aCO-MdFUSB _bEspañol _cCO-MdFUSB _dCO-MdFUSB |
||
| 041 | _aeng | ||
| 082 |
_224 _aG 230 _bR287r |
||
| 100 | 1 | _aHodgson, Peter C., (Editor) | |
| 245 | 1 | 0 |
_aReadings in Christian theology / _cEdited by Peter C. Hodgson, |
| 264 |
_aPhiladelphia, Pennsylvania : _bFortress Press, _c1985 |
||
| 300 | _axi, 418 páginas | ||
| 336 |
_2rdacontent _atexto _btxt |
||
| 337 |
_2rdamedia _asin mediación _bn |
||
| 338 |
_2rdacarrier _avolumen _bnc |
||
| 500 | _aIncluye índices (p. 415-418) Rústico | ||
| 501 | _aTeología -- La Escritura y la tradición -- Dios -- Revelación -- Creación y providencia -- El ser humano -- Pecado y maldad -- Cristo y salvación -- La iglesia -- Los sacramentos -- El Espíritu y la vida cristiana -- El reino de Dios y la vida eterna -- Las religiones -- El paradigma cristiano: Visiones alternativas | ||
| 653 | _aTeología cristiana | ||
| 720 |
_aRobert H. King _eEditor |
||
| 942 | _cBK | ||
| 999 |
_c46868 _d46868 |
||